000 00755nam a2200253 a 4500
008
020 _a0395342287
049 _aMAIN
090 _aHB172.5
_bBRO
100 1 _aBronfenbrenner, Martin.
245 1 0 _aMacroeconomics /
_cMartin Bronfenbrenner, Werner Sichel, Wayland Gardner.
260 _aBoston :
_bHoughton Mifflin,
_cc1984.
300 _axv, 464, [48] p. :
_billl. ;
_c26 cm.
504 _aIncludes bibliographical references.
500 _aIncludes index.
650 0 _aMacroeconomics.
700 1 _aSichel, Werner.
700 1 _aGardner, Wayland D.
907 _a.b10030852
_b16-08-11
_c17-04-03
003
005 20230123133316.0
040 _cNUST
942 _cBOOKS
_kHB172.5
_mBRO
999 _c146364
_d146364